00255 a2200121 4500001000700000020001800007040001100025100001600036240003500052245003000087300000700117362000900124183402 a85-305-0006-7 cMagnum aRocha, Ruth10aNicolau tinha uma idéialpor10aNicolau tinha uma idéia a240 a1995